[Event "GER-chA Seniors 27th"]
[Site "Magdeburg"]
[Date "2015.08.21"]
[Round "7"]
[White "Ophoff, Rigobert"]
[Black "Schwis, Joachim"]
[Result "1/2-1/2"]
[WhiteElo "2009"]
[BlackElo "1919"]
[PlyCount "57"]
[EventDate "2015.08.15"]
[EventType "swiss"]
[EventRounds "9"]
[EventCountry "GER"]
[SourceTitle "EXT 2018"]
[Source "ChessBase"]
[SourceDate "2017.10.13"]
[SourceVersion "1"]
[SourceVersionDate "2017.10.13"]
[SourceQuality "1"]

1. d4 Nf6 2. c4 g6 3. Nc3 Bg7 4. e4 d6 5. f3 Nbd7 6. Be3 e5 7. d5 Nh5 8. Qd2 f5 9. 0-0-0 f4 10. Bf2 Bf6 11. Nge2 a6 12. Kb1 0-0 13. Nc1 Rf7 14. Nd3 Bh4 15. Bg1 Be7 16. Rc1 b6 17. Be2 Nc5 18. b4 Nxd3 19. Bxd3 a5 20. b5 Bd7 21. a4 Bg5 22. Bf2 Qe7 23. Qe1 Raf8 24. Rc2 Bf6 25. Be2 Bg7 26. Rc1 Bh6 27. Kc2 Bc8 28. Rb1 Bg7 29. Qd2 1/2-1/2

[Event "Mittelrhein Verbandsliga-M 1112"]
[Site "Germany"]
[Date "2012.05.06"]
[Round "10.2"]
[White "Schwis, Joachim"]
[Black "Ostenda, Eric"]
[Result "0-1"]
[WhiteElo "1960"]
[BlackElo "2024"]
[PlyCount "82"]
[EventDate "2011.09.18"]
[EventType "team-tourn"]
[EventRounds "11"]
[EventCountry "GER"]
[SourceTitle "EXT 2013"]
[Source "ChessBase"]
[SourceDate "2012.11.22"]
[SourceVersion "1"]
[SourceVersionDate "2012.11.22"]
[SourceQuality "1"]
[WhiteTeam "Koeln Ford SF II"]
[BlackTeam "Kalker/Deutzer SG"]
[WhiteTeamCountry "GER"]
[BlackTeamCountry "GER"]

1. c4 e5 2. Nc3 Nc6 3. g3 Nf6 4. Bg2 Be7 5. a3 0-0 6. b4 a5 7. b5 Nd4 8. e3 Ne6 9. Nge2 c6 10. d4 exd4 11. Nxd4 d5 12. bxc6 Nxd4 13. cxb7 Nc2+ 14. Qxc2 Bxb7 15. Qd2 Rc8 16. cxd5 Ba6 17. Bb2 Qb6 18. Rb1 Qb3 19. d6 Rfd8 20. Qd1 Qe6 21. Bd5 Qxd6 22. Qd4 Rxc3 23. Bxc3 Qxd5 24. Qxd5 Rxd5 25. Rb8+ Rd8 26. Rxd8+ Bxd8 27. f3 Nd5 28. Bd2 Bb6 29. Kf2 f6 30. Rb1 a4 31. h4 Kf7 32. Rc1 Bb5 33. Rc2 Ke7 34. g4 Kd7 35. Bc1 Bc6 36. Rc4 Bc7 37. h5 Bd6 38. Rd4 Nc7 39. Bd2 Ne6 40. Rd3 Nc5 41. Rc3 Nb3 0-1

[Event "NRW Class2 1112"]
[Site "Germany"]
[Date "2012.02.05"]
[Round "6.7"]
[White "Weyrauch, Erich"]
[Black "Schwis, Joachim"]
[Result "1-0"]
[WhiteElo "1991"]
[BlackElo "1972"]
[PlyCount "79"]
[EventDate "2011.09.18"]
[EventType "team-tourn"]
[EventRounds "9"]
[EventCountry "GER"]
[SourceTitle "EXT 2015"]
[Source "ChessBase"]
[SourceDate "2014.11.20"]
[SourceVersion "1"]
[SourceVersionDate "2014.11.20"]
[SourceQuality "1"]
[WhiteTeam "Letmathe"]
[BlackTeam "Koeln Ford SF"]
[WhiteTeamCountry "GER"]
[BlackTeamCountry "GER"]

1. d4 d6 2. Nf3 Nf6 3. Nc3 g6 4. e4 Bg7 5. h3 0-0 6. Be3 b6 7. Qd2 Bb7 8. Bd3 c5 9. 0-0-0 c4 10. Bxc4 Nxe4 11. Nxe4 Bxe4 12. Ne1 Nd7 13. h4 Nf6 14. Bh6 d5 15. Be2 Qd7 16. f3 Qa4 17. Kb1 Bf5 18. Bxg7 Kxg7 19. g4 Bd7 20. h5 Rh8 21. h6+ Kf8 22. Qe3 Rc8 23. Rd3 Qc6 24. Rc3 Qd6 25. Rxc8+ Bxc8 26. Nd3 Nd7 27. Nf4 e6 28. c4 Bb7 29. Rc1 Ke7 30. c5 bxc5 31. dxc5 Qe5 32. Qd2 Bc6 33. Nd3 Qd4 34. Qa5 Qa4 35. Qc7 f6 36. Nf4 Re8 37. b3 Qd4 38. Qd6+ Kf7 39. Qxc6 Ne5 40. Qa4 1-0